000 00977nam a22002657a 4500
999 _c78925
_d78925
005 20210216125156.0
010 _aB-495053-069 B-736886
020 _a9789381626856
_c250.00
035 _aB-495053-069
035 _aB-736886
037 _aBBB/VEN
_bdpl
037 _bGift/Eng/03-02-2021
082 _a920
100 _aYasmin Khalid Rafi
245 _aMohammed Rafi:
_bMy Abba- a Memoir /
_cby Yasmin Khalid Rafi ; translated from Hindi by Rupa Srikumar [and] A.K. Srikumar
260 _aNew Delhi
_bTranquebar Press
_c2012
270 _a93, 1st floor, Shyam Lal Road Daryaganj
_bNew Delhi
_e110002
300 _axii,190p.:
_bill.
_c20cm(pbk)
500 _ainclude appendix
700 _aRupa Srikumar
700 _aA.K. Srikumar
942 _2ddc
_cEN
_mYAS
_h920